Jak zlepšit výrobní proces /

Salvato in:
Dettagli Bibliografici
Autore principale: Vejdělek, Jiří (Autore)
Natura: Libro
Lingua:ceco
Pubblicazione: Praha : Grada Publishing, 1998
Edizione:1.vyd.
Soggetti:
Accesso online:OBSAH
Tags: Aggiungi Tag
Nessun Tag, puoi essere il primo ad aggiungerne!!

MARC

LEADER 00000nam a22000003a 4500
001 stu46421
005 20190206132359.6
008 980527s1998----cs------------------cze-d
020 |a 80-7169-583-1 
040 |a STU  |b slo 
041 0 |a cze 
044 |a cs 
080 |a 658.5 
100 1 |a Vejdělek, Jiří  |4 aut 
245 1 |a Jak zlepšit výrobní proces /  |c [aut.]Jiří Vejdělek 
250 |a 1.vyd. 
260 |a Praha :  |b Grada Publishing,  |c 1998 
300 |a 75 s 
650 7 |a výroba  |2 stusub 
650 7 |a organizácia  |2 stusub 
650 7 |a organizácia výroby  |2 stusub 
856 4 |a https://sweb.mtf.stuba.sk/obsahy/jak_zlepsit_vyrobni_proces_98.pdf  |u https://sweb.mtf.stuba.sk/obsahy/jak_zlepsit_vyrobni_proces_98.pdf  |3 OBSAH 
996 |b 284M013575  |c M*9908-5  |l MMKN  |s A  |a 24  |w stu46421_0001 
996 |b M 30913  |c M*9908-3  |l MMKN  |s A  |a 24  |w stu46421_0002 
996 |b 284M013574  |c M*9908-4  |l MMKN  |s A  |a 24  |w stu46421_0003 
996 |b 284M013576  |c M*9908-6  |l MMKN  |s A  |a 24  |w stu46421_0004 
996 |b 284M039259  |c M*9908-1  |l MMKN  |s A  |a 24  |w stu46421_0005